[Event "ch-PER"]
[Site "Lima PER"]
[Date "2002.10.01"]
[Round "1"]
[White "Cruz,F"]
[Black "Belli,M"]
[Result "1/2-1/2"]
[WhiteElo "2363"]
[BlackElo "2401"]
[EventDate "2002.10.01"]

1. Nf3 Nf6 2. g3 g6 3. Bg2 Bg7 4. O-O d6 5. c4 O-O 6. Nc3 e5 7. d3 Nc6 8.
Rb1 a5 9. a3 h6 10. b4 axb4 11. axb4 Be6 12. b5 Ne7 13. Qb3 Qd7 14. Bb2 Bh3
1/2-1/2

[Event "ch-PER"]
[Site "Lima PER"]
[Date "2002.10.01"]
[Round "1"]
[White "Nina,M"]
[Black "Oblitas,C"]
[Result "1/2-1/2"]
[WhiteElo "2238"]
[BlackElo "2408"]
[EventDate "2002.10.01"]

1. e4 c5 2. c3 d5 3. exd5 Qxd5 4. d4 cxd4 5. cxd4 g6 6. Nc3 Qd8 7. Nf3 Bg7
8. Be3 Nf6 9. Bc4 O-O 10. O-O Nc6 11. h3 Na5 12. Be2 Be6 13. Ne5 Nd5 14.
Qd2 Nxe3 15. Qxe3 Rc8 16. Rfd1 Nc4 17. Nxc4 Bxc4 18. Bf3 Rc7 19. b3 Ba6 20.
Rac1 e6 21. d5 Qc8 22. Na4 exd5 23. Rxc7 Qxc7 24. Qxa7 Qc2 25. Rxd5 Re8 26.
Rd1 Bf8 27. Qd4 b5 28. Qc3 Qxc3 29. Nxc3 b4 30. Nd5 Rc8 31. Rd4 Rc1+ 32.
Kh2 Bc5 33. Re4 Bd3 34. Re8+ Kg7 35. Ne3 h5 36. Rd8 Bb5 37. Rd1 Rc3 38. h4
f5 39. Nd5 Bd6+ 40. Kg1 Rd3 41. Ne3 1/2-1/2

[Event "ch-PER"]
[Site "Lima PER"]
[Date "2002.10.01"]
[Round "1"]
[White "Esplana,C"]
[Black "Pacheco,M"]
[Result "0-1"]
[WhiteElo "2335"]
[BlackElo "2284"]
[EventDate "2002.10.01"]

1. e4 e6 2. d4 d5 3. Nc3 Bb4 4. e5 c5 5. a3 Bxc3+ 6. bxc3 Qc7 7. Nf3 Ne7 8.
a4 b6 9. Bb5+ Bd7 10. Bd3 Nbc6 11. O-O h6 12. Ba3 Na5 13. Nd2 O-O 14. c4
dxc4 15. Nxc4 Nxc4 16. Bxc4 Bxa4 17. dxc5 Rad8 18. Qg4 bxc5 19. Qe2 Nf5 20.
c3 Bc6 21. f3 Bd5 22. Bd3 Rfe8 23. Bc1 c4 24. Bc2 Ra8 25. Rd1 Red8 26. Kh1
a5 27. Ba3 Qc6 28. Bxf5 exf5 29. Rd4 Be6 30. Bd6 a4 31. Rdd1 Rd7 32. Qc2
Ra5 33. Rdb1 Rb7 34. Rxb7 Qxb7 35. Bb4 Rxe5 36. Qxa4 Bd5 37. Qd1 Re3 38.
Qd4 Re2 39. Qf4 Qa7 40. Rg1 Qd7 41. h4 Qe6 42. Bc5 Qg6 43. Bd4 Kh7 44. Kh2
Qh5 45. Kg3 Be6 46. Qb8 f4+ 47. Kxf4 Qxh4+ 0-1

[Event "ch-PER"]
[Site "Lima PER"]
[Date "2002.10.01"]
[Round "1"]
[White "Castaneda,G"]
[Black "Gutierrez,Re"]
[Result "1-0"]
[WhiteElo "2425"]
[BlackElo "2233"]
[EventDate "2002.10.01"]

1. d4 d5 2. c4 e6 3. Nf3 c6 4. Qc2 f5 5. Bf4 Nf6 6. e3 Be7 7. Nc3 O-O 8.
Bd3 Ne4 9. g4 g5 10. Be5 Nd7 11. h4 Nxe5 12. Nxe5 gxh4 13. O-O-O Kh8 14. f4
Ng3 15. Rh2 dxc4 16. Bxc4 fxg4 17. Nxg4 b5 18. Bd3 Nf5 19. Qe2 Bd7 20. Ne4
Be8 21. Ne5 Rg8 22. Kb1 Rc8 23. Bc2 Rc7 24. Qf2 a6 25. Bb3 Ng7 26. Rdh1 Rf8
27. Rg1 c5 28. dxc5 Bxc5 29. Ng5 Qf6 30. Qxh4 Nf5 31. Qxh7+ Rxh7 32. Rxh7+
Kg8 33. Rgh1 Nh4 34. Bxe6+ Qxe6 35. Nxe6 Kxh7 36. Rxh4+ 1-0

[Event "ch-PER"]
[Site "Lima PER"]
[Date "2002.10.02"]
[Round "2"]
[White "Belli,M"]
[Black "Gutierrez,Re"]
[Result "0-1"]
[WhiteElo "2401"]
[BlackElo "2233"]
[EventDate "2002.10.01"]

1. d4 d5 2. c4 e6 3. Nc3 Nf6 4. cxd5 exd5 5. Bf4 Be7 6. e3 c6 7. Bd3 Nbd7
8. h3 Nf8 9. Nf3 Ne6 10. Be5 O-O 11. Qc2 g6 12. O-O Ng7 13. Bxf6 Bxf6 14.
b4 b6 15. Rfd1 Bb7 16. Rac1 Qe7 17. Qb3 Rfd8 18. Bf1 Rac8 19. a4 Nf5 20. a5
b5 21. Ne2 Bg7 22. Nf4 Nd6 23. Nd3 Rc7 24. Nc5 Bc8 25. Re1 f5 26. Nd3 Nc4
27. Qc3 Re8 28. Nd2 g5 29. Nc5 Qd6 30. Rcd1 Rce7 31. Be2 Nxe3 0-1

[Event "ch-PER"]
[Site "Lima PER"]
[Date "2002.10.02"]
[Round "2"]
[White "Soto,Jo"]
[Black "Castaneda,G"]
[Result "1-0"]
[WhiteElo "2412"]
[BlackElo "2425"]
[EventDate "2002.10.01"]

1. e4 e6 2. d4 d5 3. Nc3 Nf6 4. Bg5 dxe4 5. Nxe4 Be7 6. Bxf6 Bxf6 7. Nf3
Nd7 8. c3 Be7 9. Bd3 c5 10. Qe2 Qc7 11. O-O-O O-O 12. Kb1 Rb8 13. h4 Qc6
14. Neg5 h6 15. d5 Qb6 16. dxe6 fxe6 17. Nxe6 Re8 18. Bc4 Kh8 19. Qc2 Nf8
20. Neg5 Bxg5 21. Nxg5 g6 22. Nf7+ Kg7 23. Nd6 Re7 24. Qd2 Be6 25. Bxe6
Rxe6 26. h5 Kh7 27. hxg6+ Rxg6 28. Qd3 Rd8 29. Rxh6+ Kxh6 30. Nf7+ Kg7 31.
Nxd8 Rxg2 32. Qf3 Qg6+ 33. Ka1 b6 34. a3 Kg8 35. Nc6 Qg4 36. Qxg4+ Rxg4 37.
Nxa7 Rf4 38. Rd6 Rf7 39. Nc8 b5 40. Rb6 Rxf2 41. Rxb5 Nd7 42. Nb6 Ne5 43.
a4 Nd3 44. a5 Rf1+ 45. Ka2 Nc1+ 46. Ka3 Nd3 47. Kb3 Ra1 48. Kc4 1-0

[Event "ch-PER"]
[Site "Lima PER"]
[Date "2002.10.02"]
[Round "2"]
[White "Vera,K"]
[Black "Robbiano Taboada,C"]
[Result "1/2-1/2"]
[WhiteElo "2233"]
[BlackElo "2252"]
[EventDate "2002.10.01"]

1. e4 c5 2. Nf3 g6 3. d4 cxd4 4. c3 Bg7 5. cxd4 d5 6. e5 Nc6 7. Nc3 Bg4 8.
Be2 Nh6 9. O-O Nf5 10. Be3 O-O 11. h3 Bxf3 12. Bxf3 e6 13. Qd2 Qb6 14. Rfd1
Rac8 15. Rac1 Nxe3 16. fxe3 Rfd8 17. Na4 Qb4 18. Nc5 Qxd2 19. Rxd2 b6 20.
Nb3 Ne7 21. Rdc2 Rxc2 22. Rxc2 Rc8 23. Rxc8+ Nxc8 24. Kf2 Ne7 25. Ke2 Kf8
26. Na1 Ke8 27. Nc2 1/2-1/2

[Event "ch-PER"]
[Site "Lima PER"]
[Date "2002.10.02"]
[Round "2"]
[White "Oblitas,C"]
[Black "Esplana,C"]
[Result "1-0"]
[WhiteElo "2408"]
[BlackElo "2335"]
[EventDate "2002.10.01"]

1. Nf3 Nf6 2. c4 c5 3. g3 b6 4. Bg2 Bb7 5. Nc3 e6 6. O-O Be7 7. b3 O-O 8.
Bb2 d6 9. d4 cxd4 10. Qxd4 Nbd7 11. Rad1 a6 12. Nh4 Bxg2 13. Nxg2 b5 14.
Ne3 bxc4 15. Qxc4 d5 16. Qd3 h5 17. Ng2 Qc7 18. Rc1 Qb7 19. Nf4 Rac8 20.
Rfd1 Ne5 21. Qd4 Bc5 22. Qxe5 Bxf2+ 23. Kf1 d4 24. Ncd5 exd5 25. Nxh5 Nxh5
26. Kxf2 Nf6 27. Qxd4 Rce8 28. Qf4 Re4 29. Qg5 Qb6+ 30. Kf1 d4 31. Rc5 Rfe8
32. Bxd4 Rxe2 33. Bxf6 Qxf6+ 34. Qxf6 gxf6 35. Rc8 Re1+ 36. Rxe1 Rxc8 37.
Re2 f5 38. Kf2 Kg7 39. Rd2 Rc3 40. Ke2 a5 41. Kd1 Kf6 42. Rd6+ Kg5 43. Ra6
Rc5 44. Ra7 Kg6 45. Kd2 f6 46. Ra8 Re5 47. a3 Rb5 48. Kc3 Re5 49. b4 axb4+
50. axb4 Re3+ 51. Kc4 Re4+ 52. Kc5 Re2 53. b5 Rc2+ 54. Kd6 Rxh2 55. Ra3 Rb2
56. Kc6 f4 57. gxf4 Kf5 58. Ra4 Rc2+ 59. Kb7 Ke6 60. b6 f5 61. Ka7 1-0

[Event "ch-PER"]
[Site "Lima PER"]
[Date "2002.10.02"]
[Round "2"]
[White "Cruz,F"]
[Black "Nina,M"]
[Result "1/2-1/2"]
[WhiteElo "2363"]
[BlackElo "2238"]
[EventDate "2002.10.01"]

1. d4 d5 2. c4 e6 3. Nc3 Nf6 4. Bg5 Be7 5. e3 c6 6. Rc1 Nbd7 7. Nf3 O-O 8.
Qc2 a6 9. a3 Re8 10. h3 b5 11. cxd5 cxd5 12. Bd3 Bb7 13. O-O Rc8 14. Rfd1
Ne4 15. Bxe7 Qxe7 16. Qb3 f5 17. a4 b4 18. Ne2 a5 19. Bb5 Red8 20. Qd3 Qd6
21. Rxc8 Rxc8 22. Rc1 Nf8 23. Ne5 Rxc1+ 24. Nxc1 Qc7 25. Nb3 Ng6 26. Nxg6
hxg6 27. f3 Nd6 28. Nc5 Bc8 29. Ba6 Bd7 30. Qc2 Kf7 31. b3 g5 32. Bd3 Ke7
33. Qf2 Nb7 34. Nxb7 Qxb7 35. Qg3 Qc8 36. Qxg5+ Kf7 37. h4 Qc3 38. Bf1 Qxb3
39. h5 Qxa4 40. g4 fxg4 41. fxg4 Qd1 42. Qg6+ Kf8 1/2-1/2

[Event "ch-PER"]
[Site "Lima PER"]
[Date "2002.10.02"]
[Round "3"]
[White "Esplana,C"]
[Black "Cruz,F"]
[Result "1-0"]
[WhiteElo "2335"]
[BlackElo "2363"]
[EventDate "2002.10.01"]

1. e4 e5 2. Nf3 Nc6 3. Bc4 Bc5 4. c3 Nf6 5. d3 d6 6. Nbd2 a6 7. Bb3 O-O 8.
O-O h6 9. h3 Re8 10. Re1 Ba7 11. Nf1 Be6 12. N3h2 d5 13. Qf3 dxe4 14. dxe4
Bxb3 15. axb3 Qd6 16. Ng3 Ne7 17. Ng4 Nxg4 18. hxg4 Qg6 19. b4 Bb6 20. Nf5
Rad8 21. Nh4 Qe6 22. g3 Rd7 23. Kg2 f6 24. Nf5 Red8 25. Rh1 Nxf5 26. gxf5
Qb3 27. Bxh6 gxh6 28. Rxh6 Kf8 29. Rxf6+ Rf7 30. Rh6 Rd2 31. Rf1 Ke7 32.
Qh5 Rd6 33. Qg5+ Kd7 34. Rxd6+ cxd6 35. Qg6 Re7 36. g4 Qc4 37. f6 Rf7 38.
g5 Qe6 39. Kg3 Kc6 40. Rh1 Rf8 41. Rh7 Rg8 42. Rg7 Rh8 43. Qf5 Qxf5 44.
exf5 Rf8 45. f7 d5 46. g6 Kd7 47. Rg8 Ke7 48. f6+ 1-0

[Event "ch-PER"]
[Site "Lima PER"]
[Date "2002.10.02"]
[Round "3"]
[White "Granda Zuniga,J"]
[Black "Oblitas,C"]
[Result "1-0"]
[WhiteElo "2605"]
[BlackElo "2408"]
[EventDate "2002.10.01"]

1. d4 d5 2. c4 e6 3. Nc3 Be7 4. cxd5 exd5 5. Bf4 Nf6 6. e3 O-O 7. Bd3 c6 8.
h3 Re8 9. Qc2 Qa5 10. a3 Nbd7 11. Nge2 Nf8 12. O-O Qd8 13. b4 a6 14. Na4
Ng6 15. Bh2 Bd6 16. Bxd6 Qxd6 17. Nb6 Rb8 18. Nxc8 Rbxc8 19. Ng3 Nh4 20.
Rac1 Rcd8 21. Qe2 Re7 22. Rc3 Rde8 23. Rb1 g6 24. Bc2 Re6 25. a4 Qe7 26. b5
axb5 27. axb5 Ra8 28. Bb3 Qe8 29. bxc6 Rxc6 30. Rc2 Ne4 31. Nxe4 Qxe4 32.
Qg4 Qd3 33. Rcb2 Rac8 34. Qxh4 Rc1+ 35. Rxc1 Rxc1+ 36. Kh2 Qc3 37. Bxd5
Qxb2 38. Qf6 1-0

[Event "ch-PER"]
[Site "Lima PER"]
[Date "2002.10.02"]
[Round "3"]
[White "Garcia,Ja"]
[Black "Pacheco,M"]
[Result "1-0"]
[WhiteElo "2297"]
[BlackElo "2284"]
[EventDate "2002.10.01"]

1. d4 Nf6 2. c4 g6 3. Nc3 d5 4. Bf4 Bg7 5. Rc1 O-O 6. Nf3 dxc4 7. e4 Bg4 8.
Bxc4 Nh5 9. Be3 Bxf3 10. gxf3 e5 11. dxe5 Bxe5 12. Qb3 Nc6 13. Qxb7 Nd4 14.
Bxd4 Bxd4 15. Ne2 Be5 16. Qc6 Rb8 17. Rd1 Qe7 18. b3 Rb6 19. Qd7 Qb4+ 20.
Kf1 Nf6 21. Qd2 Qe7 22. Qg5 Rd6 23. Kg2 Rfd8 24. Rxd6 cxd6 25. Rd1 Re8 26.
h4 Kh8 27. f4 Bb2 28. f3 Rc8 29. Ng3 Rc5 30. f5 Be5 31. f4 Bc3 32. Kh3 Qf8
33. e5 Ne8 34. Ne4 f6 35. Qg3 Rxc4 36. bxc4 fxe5 37. Nxc3 Qxf5+ 38. Kh2 Nf6
39. Rg1 Nh5 40. Qf3 Qf6 41. Nd5 Qxh4+ 42. Qh3 Qf2+ 43. Rg2 Qd4 44. Qc8+ Kg7
45. Qd7+ Kh6 46. Qxd6 Nxf4 47. Qf8+ Kh5 48. Nf6+ 1-0

[Event "ch-PER"]
[Site "Lima PER"]
[Date "2002.10.02"]
[Round "3"]
[White "Robbiano Taboada,C"]
[Black "Cotrina Moscoso,W"]
[Result "1/2-1/2"]
[WhiteElo "2252"]
[BlackElo "2225"]
[EventDate "2002.10.01"]

1. e4 e5 2. Nc3 Bc5 3. Bc4 Nf6 4. d3 c6 5. Qf3 d6 6. Nge2 b5 7. Bb3 a5 8.
a3 Be6 9. Bxe6 fxe6 10. Be3 Bxe3 11. Qxe3 O-O 12. O-O Nbd7 13. Qh3 Qe7 14.
f4 exf4 15. Nxf4 Rae8 16. Rae1 e5 17. Nh5 b4 18. Nxf6+ Nxf6 19. axb4 axb4
20. Nd1 d5 21. Qe3 dxe4 22. dxe4 Rd8 23. Nf2 c5 24. Rd1 Qc7 25. Rxd8 Rxd8
26. Rd1 Rxd1+ 27. Nxd1 Qd6 28. Nf2 Qd4 29. Qxd4 exd4 30. Kf1 Kf7 31. Ke2
Ke6 32. Kd3 Ke5 33. g3 h5 34. h3 g5 35. b3 h4 36. gxh4 gxh4 37. Kc4 Nxe4
38. Nxe4 Kxe4 39. Kxc5 Kf3 40. Kxd4 Kg3 41. c4 bxc3 42. Kxc3 Kxh3 43. b4
1/2-1/2

[Event "ch-PER"]
[Site "Lima PER"]
[Date "2002.10.02"]
[Round "3"]
[White "Castaneda,G"]
[Black "Vera,K"]
[Result "1/2-1/2"]
[WhiteElo "2425"]
[BlackElo "2233"]
[EventDate "2002.10.01"]

1. d4 Nf6 2. Nf3 g6 3. c4 Bg7 4. g3 O-O 5. Bg2 c5 6. O-O cxd4 7. Nxd4 Nc6
8. Nc3 Qb6 9. Nb3 d6 10. Bg5 Be6 11. Nd5 Bxd5 12. cxd5 Na5 13. Nxa5 Qxa5
14. Qd2 Qxd2 1/2-1/2

[Event "ch-PER"]
[Site "Lima PER"]
[Date "2002.10.02"]
[Round "3"]
[White "Gutierrez,Re"]
[Black "Soto,Jo"]
[Result "1/2-1/2"]
[WhiteElo "2233"]
[BlackElo "2412"]
[EventDate "2002.10.01"]

1. e4 e5 2. Nf3 Nc6 3. d4 exd4 4. Nxd4 Nf6 5. Nxc6 bxc6 6. e5 Qe7 7. Qe2
Nd5 8. c4 Ba6 9. b3 g6 10. f4 Bg7 11. Qe4 Nb6 12. Ba3 c5 13. Nd2 O-O 14.
Bd3 d6 15. O-O Rad8 16. Nf3 Rfe8 17. Rfe1 Bc8 18. Rad1 Bg4 19. exd6 Qxe4
20. Bxe4 cxd6 21. h3 Bxf3 22. Bxf3 Bd4+ 23. Kf1 Re6 24. Bc1 Rde8 25. Bd2
1/2-1/2

[Event "ch-PER"]
[Site "Lima PER"]
[Date "2002.10.03"]
[Round "4"]
[White "Belli,M"]
[Black "Soto,Jo"]
[Result "1/2-1/2"]
[WhiteElo "2401"]
[BlackElo "2412"]
[EventDate "2002.10.01"]

1. c4 e5 2. Nc3 Nc6 3. g3 f5 4. Bg2 Nf6 5. d3 Bb4 6. Bd2 Bxc3 7. Bxc3 O-O
8. Bxc6 bxc6 9. Bxe5 d6 10. Bc3 c5 11. Nf3 Bb7 12. O-O Qd7 1/2-1/2

[Event "ch-PER"]
[Site "Lima PER"]
[Date "2002.10.03"]
[Round "4"]
[White "Vera,K"]
[Black "Gutierrez,Re"]
[Result "0-1"]
[WhiteElo "2233"]
[BlackElo "2233"]
[EventDate "2002.10.01"]

1. e4 c5 2. d4 cxd4 3. c3 dxc3 4. Nxc3 e6 5. Bc4 a6 6. Nf3 Qc7 7. Qe2 Nc6
8. O-O Bd6 9. Rd1 Nge7 10. Bg5 f6 11. Bh4 O-O 12. Rac1 Ng6 13. Bg3 Bf4 14.
Nd5 exd5 15. exd5 Kh8 16. d6 Qd8 17. Bxf4 Nxf4 18. Qe4 b5 19. Bb3 Ng6 20.
Nd4 Bb7 21. Qxg6 Qe8 22. Qg3 Nxd4 23. Rxd4 Rc8 24. Rf1 f5 25. Rh4 Rf6 26.
Qh3 h6 27. Qd3 Qg6 28. g3 Rxd6 29. Qe3 Re8 30. Qa7 Ba8 31. Qc7 Rd2 32. Qc3
Rde2 33. Rd4 Qc6 34. Bd5 Qxc3 35. bxc3 Bxd5 36. Rxd5 Rxa2 37. Rxf5 Rc2 38.
Ra1 Re6 39. Rd5 Ree2 40. Rf5 Re6 41. Rd1 Re7 42. Rd6 Re6 43. Rxd7 Rxc3 44.
Rff7 Rg6 45. h4 Rc5 46. Ra7 b4 47. Rfb7 a5 48. Rb8+ Kh7 49. Kg2 Rf5 50.
Rbb7 h5 51. Kg1 Kh6 52. Kg2 Rc5 53. Rf7 Rb5 54. Rf8 Rgb6 0-1

[Event "ch-PER"]
[Site "Lima PER"]
[Date "2002.10.03"]
[Round "4"]
[White "Cotrina Moscoso,W"]
[Black "Castaneda,G"]
[Result "0-1"]
[WhiteElo "2225"]
[BlackElo "2425"]
[EventDate "2002.10.01"]

1. d4 Nf6 2. c4 e6 3. Nf3 b6 4. g3 Ba6 5. Nbd2 c5 6. Bg2 Nc6 7. dxc5 bxc5
8. O-O Be7 9. b3 O-O 10. Bb2 Qb6 11. Ne5 Bb7 12. Nxc6 Bxc6 13. e4 d6 14. f4
Qb7 15. Qc2 Nd7 16. Rae1 Rab8 17. Bc3 Bf6 18. Bxf6 Nxf6 19. Nb1 Rfd8 20.
Nc3 Ne8 21. f5 e5 22. g4 a5 23. Rb1 Qe7 24. Rf3 Qh4 25. Rg3 h6 26. Rf1 Nf6
27. Bf3 a4 28. bxa4 Rb4 29. Nb5 Ra8 30. Qg2 Rbxa4 31. g5 Rxa2 0-1

[Event "ch-PER"]
[Site "Lima PER"]
[Date "2002.10.03"]
[Round "4"]
[White "Pacheco,M"]
[Black "Robbiano Taboada,C"]
[Result "1-0"]
[WhiteElo "2284"]
[BlackElo "2252"]
[EventDate "2002.10.01"]

1. d4 g6 2. Nf3 Bg7 3. c4 d6 4. Nc3 e5 5. dxe5 dxe5 6. Qxd8+ Kxd8 7. Bd2
Be6 8. O-O-O Nd7 9. Ng5 Bxc4 10. e4 Be6 11. Nxe6+ fxe6 12. Bc4 Ke7 13. Nb5
Bh6 14. Bxe6 Nc5 15. Bxg8 Bxd2+ 16. Rxd2 Rhxg8 17. Rc2 Nd3+ 18. Kd2 Rad8
19. Rxc7+ Ke6 20. Kc2 Nxf2 21. Re1 Nd3 22. Re3 Nb4+ 23. Kb3 Nc6 24. Rxh7 a6
25. Nc7+ Kd6 26. Nd5 Nd4+ 27. Kc3 Rh8 28. Reh3 Rc8+ 29. Kd3 Rxh7 30. Rxh7
Rc2 31. Ne3 Rf2 32. Rxb7 Ne6 33. Rb6+ Kd7 34. Ng4 Rxg2 35. Nxe5+ Ke7 36.
Nf3 g5 37. Ke3 g4 38. Ne5 a5 39. Ng6+ Kf7 40. Rxe6 Rxb2 41. Ra6 Rxh2 42.
Ne5+ Ke7 43. Rxa5 g3 44. Nf3 Rc2 45. Rg5 1-0

[Event "ch-PER"]
[Site "Lima PER"]
[Date "2002.10.04"]
[Round "5"]
[White "Esplana,C"]
[Black "Belli,M"]
[Result "1/2-1/2"]
[WhiteElo "2335"]
[BlackElo "2401"]
[EventDate "2002.10.01"]

1. e4 e5 2. Nf3 Nc6 3. Bc4 Bc5 4. c3 Nf6 5. d3 a6 6. Bb3 Ba7 7. O-O d6 8.
Nbd2 O-O 9. Nc4 h6 10. Be3 Be6 11. Bxa7 Rxa7 12. d4 exd4 13. Nxd4 Nxd4 14.
Qxd4 c5 15. Qe3 Bxc4 16. Bxc4 b5 17. Bb3 Re7 18. f3 Qc7 19. Rae1 Rfe8 20.
Qd2 Kf8 21. g3 c4 22. Bc2 d5 23. exd5 Qc5+ 24. Qf2 Qxd5 25. Rxe7 Rxe7 26.
Rd1 Qe5 27. Kf1 g5 28. Re1 Qd6 29. Rxe7 Kxe7 30. Qe3+ Qe6 31. Qc5+ Qd6 32.
Qe3+ Qe6 33. Qc5+ Qd6 34. Qe3+ 1/2-1/2

[Event "ch-PER"]
[Site "Lima PER"]
[Date "2002.10.04"]
[Round "5"]
[White "Garcia,Ja"]
[Black "Cruz,F"]
[Result "1/2-1/2"]
[WhiteElo "2297"]
[BlackElo "2363"]
[EventDate "2002.10.01"]

1. d4 Nf6 2. c4 g6 3. Nc3 Bg7 4. e4 d6 5. Nf3 O-O 6. Be2 c5 7. d5 e5 8. O-O
Ne8 9. Ne1 f5 10. exf5 gxf5 11. f4 Kh8 12. Be3 Nd7 13. h3 Qe7 14. Qd2 b6
15. a3 Qf6 16. Rc1 Qg6 17. Nf3 Bf6 18. fxe5 Rg8 19. Bd3 dxe5 20. Ne1 e4 21.
Be2 Bh4 22. g4 fxg4 23. hxg4 Ne5 24. Ng2 Bg3 25. Bf4 Bxf4 1/2-1/2

[Event "ch-PER"]
[Site "Lima PER"]
[Date "2002.10.04"]
[Round "5"]
[White "Robbiano Taboada,C"]
[Black "Oblitas,C"]
[Result "1/2-1/2"]
[WhiteElo "2252"]
[BlackElo "2408"]
[EventDate "2002.10.01"]

1. e4 c5 2. c3 e5 3. Nf3 Nc6 4. Bc4 Be7 5. O-O Nf6 6. d4 d6 7. dxc5 dxc5 8.
Qxd8+ Bxd8 9. Bb5 Bd7 10. Nbd2 Bc7 11. Nc4 O-O 12. Re1 Rfe8 13. Ne3 a6 14.
Bc4 Ne7 15. Bd3 Bc6 16. Nf1 Rad8 17. Bc2 h6 18. Ng3 b6 19. h3 Nc8 20. b3
Bb7 21. Bb2 Ne7 22. Rad1 Ng6 23. Nd2 Nf4 24. Nc4 h5 25. f3 g6 26. Ne3 h4
27. Ngf1 Nh7 28. Rxd8 Rxd8 29. Rd1 Rxd1 1/2-1/2

[Event "ch-PER"]
[Site "Lima PER"]
[Date "2002.10.04"]
[Round "5"]
[White "Castaneda,G"]
[Black "Pacheco,M"]
[Result "1/2-1/2"]
[WhiteElo "2425"]
[BlackElo "2284"]
[EventDate "2002.10.01"]

1. d4 Nf6 2. Nf3 g6 3. c4 Bg7 4. g3 O-O 5. Bg2 d5 6. cxd5 Nxd5 7. O-O Nb6
8. Nc3 Nc6 9. d5 Na5 10. Bf4 c6 11. dxc6 Nxc6 12. Qc1 Be6 13. Rd1 Qc8 14.
Bh6 Rd8 15. Bxg7 Kxg7 16. Qf4 Qb8 17. Qh4 f6 18. Nd4 Nxd4 19. Rxd4 Qc7 20.
Rad1 Nc4 21. Qe4 Rxd4 22. Rxd4 Bf7 23. Qxb7 Qxb7 24. Bxb7 Rb8 25. Rd7 Kf8
26. b3 Ke8 27. Rd4 Rxb7 28. bxc4 Rb4 29. Nd5 Bxd5 1/2-1/2

[Event "ch-PER"]
[Site "Lima PER"]
[Date "2002.10.04"]
[Round "5"]
[White "Gutierrez,Re"]
[Black "Cotrina Moscoso,W"]
[Result "1/2-1/2"]
[WhiteElo "2233"]
[BlackElo "2225"]
[EventDate "2002.10.01"]

1. e4 e5 2. Bc4 Nf6 3. Nc3 Bc5 4. d3 Nc6 5. f4 d6 6. f5 Na5 7. Bg5 Nxc4 8.
dxc4 c6 9. Qf3 a5 10. Na4 Ba7 11. O-O-O b6 12. Qa3 b5 13. Rxd6 Qe7 14. cxb5
cxb5 15. Bxf6 gxf6 16. Nb6 Bxb6 17. Rxb6 Qxa3 18. bxa3 Rg8 19. Ne2 Rxg2 20.
Nc3 Bd7 21. Rd1 Rc8 22. Rd2 Rxd2 23. Kxd2 Rc6 24. Rb8+ Ke7 25. Nd5+ Kd6 26.
Nxf6 Rc4 27. Nxd7 Kxd7 28. Rxb5 Rxe4 29. Rxa5 Ke7 30. Ra6 Rh4 31. f6+ Kd7
32. Kd3 Rxh2 33. c4 Rh4 34. a4 Rf4 35. a5 h5 36. Rb6 Kc7 37. c5 Ra4 38. a6
h4 39. Rb7+ Kc8 40. Rxf7 Rxa6 41. Ke4 h3 42. Rh7 Rxf6 43. Rxh3 1/2-1/2

[Event "ch-PER"]
[Site "Lima PER"]
[Date "2002.10.04"]
[Round "5"]
[White "Soto,Jo"]
[Black "Vera,K"]
[Result "1/2-1/2"]
[WhiteElo "2412"]
[BlackElo "2233"]
[EventDate "2002.10.01"]

1. e4 e5 2. Nf3 Nf6 3. Nxe5 d6 4. Nf3 Nxe4 5. Bd3 Nf6 6. h3 Be7 7. O-O O-O
8. c3 Nc6 9. Bc2 Ne5 10. d4 Nxf3+ 11. Qxf3 c6 12. Re1 Be6 13. Bg5 Nd5 14.
Bd2 Bg5 15. Qd3 g6 16. Qg3 Bxd2 17. Nxd2 Nf6 18. Qe3 Re8 19. Qh6 Qd7 20.
Nf3 Bd5 21. Qg5 Kg7 22. Nh4 h6 23. Qd2 Rxe1+ 24. Rxe1 Re8 25. b3 b5 26. f3
Rxe1+ 27. Qxe1 Qe6 28. Qd2 Nh5 29. Kf2 1/2-1/2

[Event "ch-PER"]
[Site "Lima PER"]
[Date "2002.10.04"]
[Round "6"]
[White "Belli,M"]
[Black "Vera,K"]
[Result "1/2-1/2"]
[WhiteElo "2401"]
[BlackElo "2233"]
[EventDate "2002.10.01"]

1. d4 Nf6 2. c4 g6 3. Nc3 Bg7 4. e4 d6 5. f4 O-O 6. Nf3 c6 7. Bd3 a6 8. a4
a5 9. O-O Na6 10. Kh1 Nb4 11. Be2 d5 12. cxd5 cxd5 13. e5 Ne4 14. Nxe4 dxe4
15. Ng5 Qd5 16. b3 Nd3 17. Nxe4 Nxc1 18. Nc3 Qxb3 19. Rxc1 Qxd1 20. Rfxd1
Bd7 21. Bf3 Rab8 22. Nb5 Rfc8 23. Kg1 Bh6 24. g3 g5 25. Rxc8+ Rxc8 26. Bxb7
Rc4 27. fxg5 Bxg5 28. d5 Rxa4 29. Bc6 Be3+ 30. Kg2 Bg4 31. Nc3 Rb4 32. Rd3
Rb2+ 33. Kf1 Bf2 34. d6 exd6 35. exd6 Bh3+ 36. Bg2 Bxg2+ 37. Kxg2 Be1+ 38.
Kf3 Bxc3 39. Rxc3 Rd2 1/2-1/2

[Event "ch-PER"]
[Site "Lima PER"]
[Date "2002.10.04"]
[Round "6"]
[White "Cotrina Moscoso,W"]
[Black "Soto,Jo"]
[Result "1-0"]
[WhiteElo "2225"]
[BlackElo "2412"]
[EventDate "2002.10.01"]

1. d4 g6 2. Nf3 Bg7 3. c4 d6 4. e4 Nf6 5. Nc3 O-O 6. Be2 Na6 7. O-O c5 8.
d5 Nc7 9. Nd2 e6 10. f4 exd5 11. cxd5 Re8 12. a4 Na6 13. Bf3 c4 14. Nxc4
Qc7 15. Na3 Nb4 16. Be3 Nxe4 17. Nxe4 f5 18. Nb5 Qe7 19. Bd2 fxe4 20. Bxb4
exf3 21. Qxf3 Rd8 22. Rae1 Qh4 23. Bxd6 Bg4 24. Qb3 Rd7 25. Be5 Re8 26. d6+
Be6 27. Qc3 Bf8 28. Nc7 Rc8 29. Bf6 Rdxc7 30. dxc7 Qg4 31. Rd1 b6 32. Rd8
Kf7 33. Be5 Bc5+ 34. Kh1 Qe2 35. Re1 Qa6 36. Bh8 1-0

[Event "ch-PER"]
[Site "Lima PER"]
[Date "2002.10.04"]
[Round "6"]
[White "Cruz,F"]
[Black "Robbiano Taboada,C"]
[Result "1/2-1/2"]
[WhiteElo "2363"]
[BlackElo "2252"]
[EventDate "2002.10.01"]

1. d4 g6 2. Nf3 Bg7 3. c3 Nf6 4. Bf4 d6 5. e3 O-O 6. h3 Nbd7 7. Be2 Qe8 8.
O-O e5 9. Bh2 Qe7 10. a4 Ne8 11. Na3 e4 12. Nd2 f5 13. a5 a6 14. Re1 Bh6
15. b4 Ndf6 1/2-1/2

[Event "ch-PER"]
[Site "Lima PER"]
[Date "2002.10.04"]
[Round "6"]
[White "Oblitas,C"]
[Black "Castaneda,G"]
[Result "1-0"]
[WhiteElo "2408"]
[BlackElo "2425"]
[EventDate "2002.10.01"]

1. e4 d6 2. d4 Nf6 3. Bd3 e5 4. c3 d5 5. dxe5 Nxe4 6. Nf3 Nc6 7. O-O Bg4 8.
Bf4 Be7 9. h3 Bh5 10. Nbd2 Nxd2 11. Qxd2 Bxf3 12. gxf3 O-O 13. Qc2 g6 14.
Rad1 Qc8 15. Kh2 Nd8 16. Bg3 c6 17. Rg1 Ne6 18. f4 f5 19. exf6 Bxf6 20. f5
Ng5 21. Kg2 Re8 22. Rge1 Qd7 23. h4 Rxe1 24. Rxe1 Ne4 25. Bxe4 dxe4 26.
fxg6 hxg6 27. Rxe4 Kg7 28. Qe2 Qf5 29. c4 Rf8 30. Rf4 Qd7 31. Qf3 Qe6 32.
Re4 Qf5 33. Qe2 a6 34. b3 Rf7 35. Rf4 Qd7 36. Qe4 Re7 37. Qf3 Qe6 38. Qd3
Rd7 39. Qf3 Rd4 40. Rxd4 Bxd4 41. Qf4 Bf6 42. Qc7+ Qe7 43. Qxe7+ Bxe7 44.
Kf3 Kf7 45. Kg4 Ke6 46. Bf4 b5 47. Bg5 Bc5 48. Be3 Be7 49. f3 Bf6 50. Bd2
Be7 51. Bc3 Bd8 52. Bd4 Be7 53. f4 Bd8 54. Be5 bxc4 55. bxc4 Be7 56. h5
gxh5+ 57. Kxh5 Kf5 58. Kh6 Ke4 59. Kg6 Kd3 60. Kf7 Bb4 61. Ke6 Kxc4 62. f5
Bd2 63. f6 Bh6 64. f7 c5 65. Bd6 Kd4 66. Bf4 Bf8 67. Be5+ Kc4 68. Bf6 Bh6
69. Bg5 Bg7 70. Be7 Bh6 71. Kf5 Kd5 72. Kg6 1-0

[Event "ch-PER"]
[Site "Lima PER"]
[Date "2002.10.04"]
[Round "6"]
[White "Nina,M"]
[Black "Garcia,Ja"]
[Result "1-0"]
[WhiteElo "2238"]
[BlackElo "2297"]
[EventDate "2002.10.01"]

1. d4 Nf6 2. Nf3 g6 3. g3 Bg7 4. Bg2 O-O 5. O-O d6 6. c4 a6 7. Nc3 Nc6 8.
b3 Rb8 9. Bb2 b5 10. cxb5 axb5 11. Rc1 b4 12. Na4 Na7 13. Qc2 c6 14. e4 Qa5
15. e5 Nd5 16. Nd2 Bf5 17. Nc4 Qa6 18. Qd2 Rfd8 19. Rfe1 Be6 20. h4 Nb5 21.
h5 Qa7 22. hxg6 hxg6 23. Qd3 c5 24. exd6 exd6 25. Be4 Ne7 26. d5 Bf5 27.
Bxg7 Kxg7 28. Ne3 Bxe4 29. Qxe4 Nd4 30. Kg2 Rh8 31. Rh1 Nef5 32. Nxf5+ Nxf5
33. g4 Nd4 34. Rce1 Rbe8 35. Qf4 Qd7 36. Nb6 Qd8 37. Rxe8 Qxe8 38. Rxh8
Kxh8 39. Nc4 Nb5 40. Nxd6 Nxd6 41. Qxd6 Qe4+ 42. Kg3 Qd3+ 43. f3 Kg7 44.
Qe5+ Kh7 45. d6 Qd1 46. Qxc5 Qe1+ 47. Kf4 Qd2+ 48. Ke4 Qe2+ 49. Qe3 Qxa2
50. d7 Qa8+ 51. Kf4 Qb8+ 52. Qe5 Qb6 53. Ke4 Qc6+ 54. Qd5 Qc2+ 55. Ke5 Qc7+
56. Qd6 Qc3+ 57. Qd4 f6+ 58. Ke4 Qc6+ 59. Ke3 Qc1+ 60. Kf2 Qc2+ 61. Kg1
Qc1+ 62. Kg2 Qc2+ 63. Kh3 Qxb3 64. d8=Q Qxf3+ 65. Kh2 Qe2+ 66. Kg1 Qe1+ 67.
Kg2 Qe2+ 68. Kg3 Qe1+ 69. Kf3 Qh1+ 70. Ke3 Qe1+ 71. Kd3 Qd1+ 72. Kc4 Qc2+
73. Kd5 Qa2+ 74. Kd6 Qh2+ 75. Ke7 Qe2+ 76. Kf7 Qa2+ 77. Q4d5 Qa7+ 78. Qe7
1-0